| 000 | 00582nam a2200181Ia 4500 | ||
|---|---|---|---|
| 008 | 151018s9999 xx 000 0 und d | ||
| 082 |
_bRBASDV64604 _a891.431 |
||
| 100 | _aनीलाभ | ||
| 245 | _aजहॉ मै सास ले रहा हू अभी | ||
| 250 | _b1 | ||
| 260 |
_bअपराजिता _c2012 |
||
| 300 | _a128 | ||
| 600 | _aनीलाभ | ||
| 630 | _aजहॉ मै सास ले रहा हू अभी | ||
| 700 | _aनीलाभ | ||
| 730 | _aजहॉ मै सास ले रहा हू अभी | ||
| 942 | _cBOOK | ||
| 999 |
_c1056943 _d1056940 |
||